Statistics for The Most Christian Countries in Africa

Click here to take the quiz!

General Stats

  • This quiz has been taken 488 times
  • The average score is 14 of 18

Answer Stats

Country % Correct
South Africa
97%
Nigeria
92%
Democratic Republic of the Congo
92%
Kenya
90%
Republic of the Congo
88%
Ethiopia
87%
Uganda
86%
Tanzania
85%
Angola
85%
Namibia
81%
Ghana
79%
Rwanda
78%
Zambia
77%
Cameroon
72%
Lesotho
72%
Gabon
62%
Equatorial Guinea
56%
Seychelles
55%

Score Distribution

Percentile by Number Answered

Percent of People with Each Score

Your Score History

You have not taken this quiz